Normal view MARC view

Entry Personal Name

Number of records used in: 2

001 - CONTROL NUMBER

  • control field: 538387

003 - CONTROL NUMBER IDENTIFIER

  • control field: OSt

005 - DATE AND TIME OF LATEST TRANSACTION

  • control field: 20220930080233.0

008 - FIXED-LENGTH DATA ELEMENTS

  • fixed length control field: 220930|| aca||aabn | a|a d

040 ## - CATALOGING SOURCE

  • Original cataloging agency: OSt
  • Transcribing agency: OSt

100 ## - HEADING--PERSONAL NAME

  • Personal name: Khanna Paras

670 ## - SOURCE DATA FOUND

  • Source citation: Work cat.: (OSt)869503: Khanna Paras, Clinical study of soft tissue infections with special emphasis on the usefulness of laboratory risk factors for necrotizing fascitis (Lrinec) score in early diagnosis of necrotizing fascitis, 2006
Copyright @ Delhi University Library System